000 00444nam a22001697a 4500
003 MPLRDC
005 20220104113608.0
008 210129b ||||| |||| 00| 0 eng d
082 _a857.62 CHRIS-2 v.4 c.2
100 _aAGATHA CHRISTIE
245 _a复仇的女神
_c均宜 译
260 _a
_b华联出版社
_c
300 _b
490 _a阿嘉莎. 克莉丝蒂选集. 4
650 _a推理小说
942 _cBK
_o857.62 CHRIS-2 v.4 c.2
999 _c857
_d847